000
00353nam a2200145Ia 4500
008
151213s9999 xx 000 0 und d
100
_a
Faruk Abdullah
245
_a
Three Girls
_c
Faruk Abdullah
260
_a
Dhaka
_b
The Davils Workshop
_c
2006
300
_a
6514 p.
650
_a
English
650
_a
Novel
700
_a
Faruk Abdullah
999
_c
3603
_d
3603